How to do a Research Project: (Record no. 3079)

MARC details
000 -LEADER
fixed length control field 01508cam a2200373 a 4500
001 - CONTROL NUMBER
control field 14580257
003 - CONTROL NUMBER IDENTIFIER
control field OSt
005 - DATE AND TIME OF LATEST TRANSACTION
control field 20191207122957.0
008 - FIXED-LENGTH DATA ELEMENTS--GENERAL INFORMATION
fixed length control field 061003s2007 maua b 001 0 eng
010 ## - LIBRARY OF CONGRESS CONTROL NUMBER
LC control number 2006031104
015 ## - NATIONAL BIBLIOGRAPHY NUMBER
National bibliography number GBA676511
Source bnb
016 7# - NATIONAL BIBLIOGRAPHIC AGENCY CONTROL NUMBER
Record control number 013547255
Source Uk
020 ## - INTERNATIONAL STANDARD BOOK NUMBER
International Standard Book Number 9781405114905 (pbk. : alk. paper)
020 ## - INTERNATIONAL STANDARD BOOK NUMBER
International Standard Book Number 1405114908 (pbk. : alk. paper)
035 ## - SYSTEM CONTROL NUMBER
System control number (OCoLC)ocm71945637
035 ## - SYSTEM CONTROL NUMBER
System control number (OCoLC)71945637
Canceled/invalid control number (OCoLC)71285126
040 ## - CATALOGING SOURCE
Original cataloging agency DLC
Transcribing agency DLC
Modifying agency BAKER
-- UKM
-- C#P
-- YDXCP
-- YDX
-- BTCTA
-- LMR
-- NLGGC
-- DLC
050 00 - LIBRARY OF CONGRESS CALL NUMBER
Classification number LB2369
Item number .R575 2007
082 00 - DEWEY DECIMAL CLASSIFICATION NUMBER
Classification number 001.42 ROB 2007
Edition number 22
100 1# - MAIN ENTRY--PERSONAL NAME
Personal name Robson, Colin.
9 (RLIN) 6835
245 10 - TITLE STATEMENT
Title How to do a Research Project:
Remainder of title a guide for undergraduate students
260 ## - PUBLICATION, DISTRIBUTION, ETC. (IMPRINT)
Place of publication, distribution, etc. Malden, MA :
Name of publisher, distributor, etc. Blackwell Pub.,
Date of publication, distribution, etc. 2007.
300 ## - PHYSICAL DESCRIPTION
Extent xii, 159 p. :
Other physical details ill. ;
Dimensions 23 cm.
504 ## - BIBLIOGRAPHY, ETC. NOTE
Bibliography, etc Includes bibliographical references (p. 153-154) and indexes.
650 #0 - SUBJECT ADDED ENTRY--TOPICAL TERM
Topical term or geographic name as entry element Report writing.
9 (RLIN) 2609
650 #0 - SUBJECT ADDED ENTRY--TOPICAL TERM
Topical term or geographic name as entry element Social sciences
9 (RLIN) 1099
650 #0 - SUBJECT ADDED ENTRY--TOPICAL TERM
Topical term or geographic name as entry element Methodology
9 (RLIN) 6836
856 41 - ELECTRONIC LOCATION AND ACCESS
Materials specified Table of contents only
Uniform Resource Identifier http://www.loc.gov/catdir/toc/ecip072/2006031104.html
856 42 - ELECTRONIC LOCATION AND ACCESS
Materials specified Contributor biographical information
Uniform Resource Identifier http://www.loc.gov/catdir/enhancements/fy0810/2006031104-b.html
856 42 - ELECTRONIC LOCATION AND ACCESS
Materials specified Publisher description
Uniform Resource Identifier http://www.loc.gov/catdir/enhancements/fy0810/2006031104-d.html
906 ## - LOCAL DATA ELEMENT F, LDF (RLIN)
a 7
b cbc
c orignew
d 1
e ecip
f 20
g y-gencatlg
942 ## - ADDED ENTRY ELEMENTS (KOHA)
Source of classification or shelving scheme Dewey Decimal Classification
Koha item type Short Loan
Holdings
Withdrawn status Lost status Source of classification or shelving scheme Damaged status Not for loan Home library Current library Date acquired Source of acquisition Inventory number Total Checkouts Full call number Barcode Date last seen Koha item type
    Dewey Decimal Classification     MUST Main Library MUST Main Library 25/02/2016 Purchase 09/31825   001.42 ROB 2007 2016-0223 25/02/2016 Short Loan